[Event "Asian Nations Cup - Women"]
[Site "http://asianchess.com/live/mnations/ancw/"]
[Date "2016.04.05"]
[Round "9"]
[Board "4"]
[White "Guo, Qi"]
[Black "Al Maamari, Wafia Darwish"]
[Result "1-0"]
[WhiteElo "2435"]
[BlackElo "1491"]
[PlyCount "0"]
[EventDate "2016.03.28"]
[EventType "team"]
[EventRounds "9"]
[EventCountry "UAE"]
[WhiteTeam "China"]
[BlackTeam "UAE - 1"]

1. d4 {[%clk 1:30:28]} Nf6 {[%clk 1:26:50]} 2. Bg5 d5 3. e3 {[%clk 1:29:57]} g6
{[%clk 1:25:18]} 4. Bxf6 {[%clk 1:27:32]} exf6 {[%clk 1:25:43]} 5. c4
{[%clk 1:27:58]} Bg7 {[%clk 1:24:36]} 6. cxd5 {[%clk 1:28:19]} Qxd5
{[%clk 1:24:57]} 7. Nc3 {[%clk 1:28:43]} Qa5 {[%clk 1:24:55]} 8. g3
{[%clk 1:27:46]} O-O {[%clk 1:25:07]} 9. Bg2 {[%clk 1:28:13]} f5 {[%clk 1:24:30]}
10. Nge2 {[%clk 1:28:37]} Nd7 {[%clk 1:24:06]} 11. O-O {[%clk 1:28:57]} c6
{[%clk 1:20:54]} 12. a3 {[%clk 1:29:15]} Nf6 {[%clk 1:21:15]} 13. b4
{[%clk 1:29:33]} Qd8 {[%clk 1:21:15]} 14. b5 {[%clk 1:28:20]} cxb5
{[%clk 1:16:03]} 15. Nxb5 {[%clk 1:28:39]} a6 {[%clk 1:16:24]} 16. Nbc3
{[%clk 1:29:05]} Rb8 {[%clk 1:16:31]} 17. Qb3 {[%clk 1:26:16]} Re8
{[%clk 1:15:48]} 18. Rac1 {[%clk 1:24:59]} Ne4 {[%clk 1:15:31]} 19. Rfd1
{[%clk 1:25:17]} b6 {[%clk 1:14:09]} 20. d5 {[%clk 1:22:59]} Bb7 {[%clk 1:13:53]}
21. Nd4 {[%clk 1:20:03]} Qd6 {[%clk 1:07:02]} 22. Nxe4 {[%clk 1:17:40]} fxe4
{[%clk 1:07:11]} 23. Nc6 {[%clk 1:18:05]} Bxc6 {[%clk 1:07:03]} 24. dxc6
{[%clk 1:17:37]} Qe5 {[%clk 1:05:51]} 25. Bh3 {[%clk 1:17:26]} Re7
{[%clk 1:05:25]} 26. Bd7 {[%clk 1:05:34]} Qc7 {[%clk 1:03:14]} 27. Qb4
{[%clk 1:05:57]} Bf8 {[%clk 1:02:51]} 28. Qd6 {[%clk 1:05:49]} Qxd6
{[%clk 1:01:53]} 29. Rxd6 {[%clk 1:06:13]} Re5 {[%clk 1:01:50]} 30. Rdd1
{[%clk 1:06:26]} Bxa3 {[%clk 1:00:08]} 31. c7 {[%clk 1:06:50]} Rf8
{[%clk 1:00:14]} 32. c8=Q {[%clk 1:07:06]} Rxc8 {[%clk 1:00:42]} 33. Rxc8+
{[%clk 1:07:30]} Kg7 {[%clk 1:01:09]} 34. Bc6 {[%clk 1:07:45]} Bc5
{[%clk 1:00:49]} 35. Rd7 {[%clk 1:08:07]} b5 {[%clk 1:00:47]} 36. Rcc7
{[%clk 1:08:20]} b4 {[%clk 1:00:44]} 37. Rxf7+ {[%clk 1:08:43]} Kg8
{[%clk 1:01:05]} 38. Rg7+ {[%clk 1:09:06]} Kh8 {[%clk 1:01:26]} 39. Rxh7+
{[%clk 1:09:32]} Kg8 {[%clk 1:01:45]} 40. Ba4 {[%clk 1:09:49]} Bd6
{[%clk 1:01:30]} 41. Bb3+ {[%clk 1:10:14]} Kf8 {[%clk 1:01:47]} 42. Rh8#
{[%clk 1:10:39]} 1-0

[Event "Asian Nations Cup - Women"]
[Site "http://asianchess.com/live/mnations/ancw/"]
[Date "2016.04.05"]
[Round "9"]
[Board "2"]
[White "Shaikha, Abdallah Aldhaheri"]
[Black "Munguntuul, Batkhuyag"]
[Result "0-1"]
[WhiteElo "1587"]
[BlackElo "2444"]
[PlyCount "0"]
[EventDate "2016.03.28"]
[EventType "team"]
[EventRounds "9"]
[EventCountry "UAE"]
[WhiteTeam "UAE - 2"]
[BlackTeam "Mongolia"]

1. d4 {[%clk 1:30:48]} Nf6 {[%clk 1:30:54]} 2. Nf3 {[%clk 1:31:08]} b6
{[%clk 1:31:15]} 3. c4 {[%clk 1:31:07]} Bb7 {[%clk 1:31:41]} 4. g3
{[%clk 1:30:37]} d6 {[%clk 1:31:37]} 5. Bg2 {[%clk 1:30:47]} Nbd7
{[%clk 1:31:47]} 6. O-O {[%clk 1:30:40]} e5 {[%clk 1:31:40]} 7. Nc3
{[%clk 1:28:03]} Be7 {[%clk 1:30:50]} 8. Qc2 {[%clk 1:24:37]} O-O
{[%clk 1:29:17]} 9. dxe5 {[%clk 1:22:00]} dxe5 {[%clk 1:28:14]} 10. e4
{[%clk 1:21:29]} c6 {[%clk 1:23:50]} 11. b3 {[%clk 1:19:00]} Qc7 {[%clk 1:22:37]}
12. Bb2 {[%clk 1:18:56]} Rfe8 {[%clk 1:21:56]} 13. Rad1 {[%clk 1:19:05]} Bf8
{[%clk 1:20:33]} 14. Rfe1 {[%clk 1:17:43]} a5 {[%clk 1:19:57]} 15. Qc1
{[%clk 1:10:56]} Nc5 {[%clk 1:16:18]} 16. h3 {[%clk 1:05:01]} Rad8
{[%clk 1:11:01]} 17. Bf1 {[%clk 1:04:21]} Nfd7 {[%clk 1:07:56]} 18. Bd3
{[%clk 1:02:49]} Nxd3 {[%clk 1:06:02]} 19. Rxd3 {[%clk 1:03:11]} Nc5
{[%clk 1:06:14]} 20. Rxd8 {[%clk 1:02:31]} Rxd8 {[%clk 1:03:43]} 21. Rd1
{[%clk 0:58:58]} f6 {[%clk 1:02:40]} 22. Ne1 {[%clk 0:58:51]} Bc8
{[%clk 1:02:16]} 23. Kg2 {[%clk 0:58:07]} Rd4 {[%clk 0:56:00]} 24. Nf3
{[%clk 0:50:45]} Rd7 {[%clk 0:54:34]} 25. Qc2 {[%clk 0:50:10]} Qd8
{[%clk 0:54:16]} 26. Bc1 {[%clk 0:48:15]} Rxd1 {[%clk 0:48:00]} 27. Nxd1
{[%clk 0:48:23]} Nxe4 {[%clk 0:46:37]} 28. Qxe4 {[%clk 0:47:48]} Qxd1
{[%clk 0:47:03]} 29. Qxc6 {[%clk 0:46:18]} Bd7 {[%clk 0:43:40]} 30. Qd5+
{[%clk 0:45:40]} Qxd5 {[%clk 0:44:07]} 31. cxd5 {[%clk 0:46:01]} Bc8
{[%clk 0:44:24]} 32. Be3 {[%clk 0:45:11]} b5 {[%clk 0:41:59]} 33. Bb6
{[%clk 0:45:03]} a4 {[%clk 0:42:17]} 34. Bc7 {[%clk 0:44:32]} Kf7
{[%clk 0:42:39]} 35. Kf1 {[%clk 0:43:39]} Bb7 {[%clk 0:42:59]} 36. d6
{[%clk 0:42:26]} Ke6 {[%clk 0:43:23]} 37. Nd2 {[%clk 0:42:07]} Bd5
{[%clk 0:40:24]} 38. bxa4 {[%clk 0:41:50]} bxa4 {[%clk 0:40:52]} 39. a3
{[%clk 0:42:13]} Bxd6 {[%clk 0:40:27]} 40. Bxd6 {[%clk 0:42:33]} Kxd6
{[%clk 0:40:52]} 41. Ke2 {[%clk 0:42:53]} Kc5 {[%clk 0:41:13]} 42. Ke3
{[%clk 0:43:11]} f5 {[%clk 0:37:25]} 43. f3 {[%clk 0:43:04]} g5 {[%clk 0:36:11]}
44. h4 {[%clk 0:40:31]} f4+ {[%clk 0:36:07]} 45. gxf4 {[%clk 0:40:56]} exf4+
{[%clk 0:36:19]} 46. Kd3 {[%clk 0:41:13]} gxh4 {[%clk 0:36:47]} 47. Kd4+ 0-1

[Event "Asian Nations Cup - Women"]
[Site "http://asianchess.com/live/mnations/ancw/"]
[Date "2016.04.05"]
[Round "9"]
[Board "4"]
[White "Mendis, Dasuni Hansika"]
[Black "Baymuratova, Sevara"]
[Result "1/2-1/2"]
[WhiteElo "1739"]
[BlackElo "2156"]
[PlyCount "0"]
[EventDate "2016.03.28"]
[EventType "team"]
[EventRounds "9"]
[EventCountry "UAE"]
[WhiteTeam "Sri Lanka"]
[BlackTeam "Uzbekistan"]

1. d4 {[%clk 1:30:55]} d5 {[%clk 1:30:39]} 2. c4 {[%clk 1:31:18]} c6
{[%clk 1:30:59]} 3. e3 {[%clk 1:31:39]} Nf6 {[%clk 1:31:19]} 4. Nf3
{[%clk 1:32:05]} e6 {[%clk 1:31:29]} 5. Nbd2 {[%clk 1:32:30]} Nbd7
{[%clk 1:31:45]} 6. b3 {[%clk 1:32:49]} Bd6 {[%clk 1:31:09]} 7. Bd3
{[%clk 1:33:04]} O-O {[%clk 1:31:28]} 8. O-O {[%clk 1:33:30]} Qe7
{[%clk 1:22:33]} 9. e4 {[%clk 1:32:59]} dxe4 {[%clk 1:15:51]} 10. Nxe4
{[%clk 1:33:19]} Nxe4 {[%clk 1:09:51]} 11. Bxe4 {[%clk 1:33:46]} f5
{[%clk 1:09:19]} 12. Bc2 {[%clk 1:34:00]} e5 {[%clk 1:08:25]} 13. dxe5
{[%clk 1:28:28]} Nxe5 {[%clk 1:08:47]} 14. Nd4 {[%clk 1:21:32]} a6
{[%clk 0:56:16]} 15. Bb2 {[%clk 1:14:08]} c5 {[%clk 0:55:52]} 16. Nf3
{[%clk 1:14:09]} Nxf3+ {[%clk 0:49:00]} 17. Qxf3 {[%clk 1:14:25]} Be6
{[%clk 0:49:08]} 18. Rfe1 {[%clk 1:13:56]} Rae8 {[%clk 0:49:23]} 19. Rad1
{[%clk 1:13:41]} Bb8 {[%clk 0:42:30]} 20. Qc3 {[%clk 1:12:53]} Qf7
{[%clk 0:38:55]} 21. Re2 {[%clk 1:06:27]} Bd7 {[%clk 0:29:02]} 22. Red2
{[%clk 1:04:51]} Bc6 {[%clk 0:26:49]} 23. Qh3 {[%clk 1:01:47]} Bf4
{[%clk 0:21:52]} 24. Rd3 {[%clk 0:58:44]} Re2 {[%clk 0:22:01]} 25. Bc1
{[%clk 0:45:48]} Qe6 {[%clk 0:17:32]} 26. Be3 {[%clk 0:45:15]} Re8
{[%clk 0:13:17]} 27. Bb1 {[%clk 0:39:05]} Bxe3 {[%clk 0:02:24]} 28. Rxe3
{[%clk 0:39:13]} Rxe3 {[%clk 0:02:47]} 29. fxe3 {[%clk 0:39:38]} g6
{[%clk 0:03:03]} 30. Kf2 {[%clk 0:39:11]} Qe5 {[%clk 0:03:23]} 31. Re1
{[%clk 0:30:21]} Qb2+ {[%clk 0:01:56]} 32. Kf1 {[%clk 0:30:20]} Rd8
{[%clk 0:01:46]} 33. Qg3 {[%clk 0:23:04]} Rd2 {[%clk 0:01:57]} 34. e4
{[%clk 0:22:51]} f4 {[%clk 0:00:46]} 35. Qxf4 {[%clk 0:20:14]} Rxg2
{[%clk 0:01:12]} 36. Qb8+ {[%clk 0:20:28]} Kf7 {[%clk 0:01:05]} 37. Qc7+
{[%clk 0:20:44]} Ke8 {[%clk 0:01:01]} 38. Qc8+ {[%clk 0:20:40]} Ke7
{[%clk 0:01:19]} 39. Qc7+ {[%clk 0:21:03]} Ke6 {[%clk 0:01:22]} 40. Qc8+
{[%clk 0:20:46]} Kf7 {[%clk 0:01:05]} 41. Qc7+ {[%clk 0:20:57]} Ke6
{[%clk 0:00:46]} 42. Qc8+ {[%clk 0:20:57]} Ke5 {[%clk 0:00:52]} 43. Qc7+
{[%clk 0:17:23]} Ke6 {[%clk 0:01:08]} 44. e5 Kxe5 1/2-1/2

[Event "Asian Nations Cup - Women"]
[Site "http://asianchess.com/live/mnations/ancw/"]
[Date "2016.04.05"]
[Round "9"]
[Board "4"]
[White "Dauletova, Gulmira"]
[Black "Nguyen, Thi Thanh An"]
[Result "1/2-1/2"]
[WhiteElo "2269"]
[BlackElo "2239"]
[PlyCount "0"]
[EventDate "2016.03.28"]
[EventType "team"]
[EventRounds "9"]
[EventCountry "UAE"]
[WhiteTeam "Kazakhstan"]
[BlackTeam "Vietnam"]

1. e4 {[%clk 1:30:57]} c5 {[%clk 1:30:54]} 2. Nf3 {[%clk 1:31:01]} d6
{[%clk 1:31:15]} 3. Bb5+ {[%clk 1:30:39]} Bd7 {[%clk 1:30:56]} 4. Bxd7+
{[%clk 1:29:54]} Qxd7 {[%clk 1:31:18]} 5. O-O {[%clk 1:29:19]} Nf6
{[%clk 1:31:08]} 6. Qe2 {[%clk 1:28:07]} Nc6 {[%clk 1:31:08]} 7. c3
{[%clk 1:27:12]} e6 {[%clk 1:31:04]} 8. d4 {[%clk 1:26:46]} cxd4 {[%clk 1:31:20]}
9. cxd4 {[%clk 1:26:17]} d5 {[%clk 1:31:30]} 10. e5 {[%clk 1:26:03]} Ne4
{[%clk 1:31:39]} 11. Be3 {[%clk 1:25:17]} Be7 {[%clk 1:31:45]} 12. Ne1
{[%clk 1:24:36]} f6 {[%clk 1:28:58]} 13. f3 {[%clk 1:23:54]} Ng5 {[%clk 1:29:19]}
14. Nd3 {[%clk 1:23:40]} fxe5 {[%clk 1:27:43]} 15. dxe5 {[%clk 1:22:19]} O-O
{[%clk 1:27:36]} 16. Nd2 {[%clk 1:19:56]} b6 {[%clk 1:19:13]} 17. Bf2
{[%clk 1:03:29]} Nb4 {[%clk 1:13:38]} 18. Nxb4 {[%clk 0:59:56]} Bxb4
{[%clk 1:13:40]} 19. Nb3 {[%clk 0:59:32]} Rac8 {[%clk 1:11:35]} 20. Nd4
{[%clk 0:51:30]} Bc5 {[%clk 1:04:45]} 21. b3 {[%clk 0:40:05]} Nf7
{[%clk 0:59:50]} 22. f4 {[%clk 0:30:14]} Nh6 {[%clk 0:57:46]} 23. g3
{[%clk 0:27:53]} Bxd4 {[%clk 0:52:22]} 24. Bxd4 {[%clk 0:28:22]} Nf5
{[%clk 0:52:45]} 25. Rad1 {[%clk 0:25:17]} Qe7 {[%clk 0:49:12]} 26. Bf2
{[%clk 0:23:37]} Rc6 {[%clk 0:46:19]} 27. g4 {[%clk 0:20:09]} Nh6
{[%clk 0:43:16]} 28. Bg3 {[%clk 0:19:48]} Qc5+ {[%clk 0:36:40]} 29. Kh1
{[%clk 0:16:28]} Qc2 {[%clk 0:35:04]} 30. Rd2 {[%clk 0:16:23]} Qg6
{[%clk 0:34:40]} 31. h3 {[%clk 0:16:42]} Rc3 {[%clk 0:31:56]} 32. Kh2
{[%clk 0:16:40]} Rfc8 {[%clk 0:28:10]} 33. Rf2 {[%clk 0:10:22]} Qb1
{[%clk 0:24:14]} 34. Rf1 {[%clk 0:08:11]} Rc1 {[%clk 0:21:01]} 35. Rxc1
{[%clk 0:08:38]} Rxc1 {[%clk 0:18:57]} 36. Qg2 {[%clk 0:08:59]} Qg6
{[%clk 0:18:51]} 37. Qe2 {[%clk 0:08:25]} Qb1 {[%clk 0:18:17]} 38. Qg2
{[%clk 0:08:54]} Qg6 {[%clk 0:17:29]} 39. Qe2 {[%clk 0:09:21]} Qb1
{[%clk 0:15:24]} 40. Bf2 {[%clk 0:05:22]} Nf7 {[%clk 0:10:05]} 41. Rb2
{[%clk 0:15:48]} Qg6 {[%clk 0:35:03]} 42. f5 {[%clk 0:13:28]} exf5
{[%clk 0:34:46]} 43. e6 {[%clk 0:13:58]} Nh6 {[%clk 0:16:18]} 44. g5
{[%clk 0:12:49]} Rc6 {[%clk 0:10:51]} 45. gxh6 {[%clk 0:12:16]} Rxe6
{[%clk 0:11:16]} 46. Qd3 {[%clk 0:11:13]} Qxh6 {[%clk 0:08:09]} 47. Qxf5
{[%clk 0:07:37]} Qf6 {[%clk 0:06:28]} 48. Qxd5 {[%clk 0:05:10]} Kf8
{[%clk 0:03:51]} 49. Rd2 {[%clk 0:04:31]} Qe5+ {[%clk 0:03:54]} 50. Qxe5
{[%clk 0:04:34]} Rxe5 {[%clk 0:04:19]} 51. Bd4 {[%clk 0:03:36]} Re4
{[%clk 0:04:03]} 52. Bc3 {[%clk 0:02:28]} g6 {[%clk 0:03:35]} 53. Kg2
{[%clk 0:01:34]} Ke7 {[%clk 0:03:49]} 54. Kf3 {[%clk 0:01:24]} Rh4
{[%clk 0:04:00]} 55. Kg3 {[%clk 0:01:52]} Re4 {[%clk 0:04:22]} 56. Kf3
{[%clk 0:02:20]} Rh4 {[%clk 0:04:46]} 57. Re2+ {[%clk 0:02:30]} Kd7
{[%clk 0:04:27]} 58. Kg3 {[%clk 0:02:55]} Rh5 {[%clk 0:04:45]} 59. Bb4
{[%clk 0:02:08]} a5 {[%clk 0:04:30]} 60. Ba3 {[%clk 0:02:08]} b5 {[%clk 0:04:25]}
61. Re7+ {[%clk 0:01:58]} Kc6 {[%clk 0:04:48]} 62. Re6+ {[%clk 0:02:05]} Kb7
{[%clk 0:04:58]} 63. Bf8 {[%clk 0:01:13]} Rg5+ {[%clk 0:05:05]} 64. Kh4
{[%clk 0:00:42]} Rf5 {[%clk 0:04:24]} 65. Bg7 {[%clk 0:00:45]} Rf2
{[%clk 0:04:25]} 66. a4 {[%clk 0:00:47]} bxa4 {[%clk 0:04:42]} 67. bxa4
{[%clk 0:01:15]} Rf4+ {[%clk 0:05:05]} 68. Kg3 {[%clk 0:01:06]} Rxa4
{[%clk 0:05:30]} 69. Bh8 {[%clk 0:01:08]} Rc4 {[%clk 0:05:26]} 70. Be5
{[%clk 0:01:00]} Rc5 {[%clk 0:05:46]} 71. Re7+ {[%clk 0:01:16]} Ka6
{[%clk 0:06:06]} 72. Kf4 {[%clk 0:01:14]} Rc4+ {[%clk 0:06:21]} 73. Kg5
{[%clk 0:01:19]} h6+ {[%clk 0:06:34]} 74. Kxg6 {[%clk 0:01:40]} Rh4
{[%clk 0:06:59]} 75. Bc3 {[%clk 0:00:44]} Rxh3 {[%clk 0:07:18]} 76. Re6+
{[%clk 0:01:06]} Kb5 {[%clk 0:07:15]} 77. Re5+ {[%clk 0:01:32]